Normal view
MARC view
- 1.Muhammad, Prophet, d632--Biography.2.Muslims--Saudi Arabia--Biography.
Entry Topical Term
001 - CONTROL NUMBER
- control field: 422
003 - CONTROL NUMBER IDENTIFIER
- control field: NUST
005 - DATE AND TIME OF LATEST TRANSACTION
- control field: 20170511114902.0
008 - FIXED-LENGTH DATA ELEMENTS
- fixed length control field: 170511|| aca||aabn | a|a d
040 ## - CATALOGING SOURCE
- Original cataloging agency: NUST
- Transcribing agency: NUST
150 ## - HEADING--TOPICAL TERM
- Topical term or geographic name entry element: 1.Muhammad, Prophet, d632--Biography.2.Muslims--Saudi Arabia--Biography.
670 ## - SOURCE DATA FOUND
- Source citation: Work cat.: (NUST)7811: Haykal, Muhammad Husayn 419, The Life of Muhammad P.B.U.H, 1999.
